Επεξεργασία παραμυθιακών τύπων και παραλλαγών ΑΤ 700-749

Saved in:
Bibliographic Details
Main Author: Αγγελοπούλου, Αννα
Other Authors: Μπρούσκου, Αίγλη
Format: Book
Language:Greek
Published: Αθήνα : Γενική Γραμματεία Νέας Γενιάς, Κέντρο Νεοελληνικών Ερευνών Ε. Ι. Ε., 1994
Series:Κατάλογος ελληνικών παραμυθιών ; ; 2
Subjects:
Tags: Add Tag
No Tags, Be the first to tag this record!

MARC

LEADER 00000nam a2200000 i 4500
001 1/8041
008 000626s1994 gre d
020 |a 960-7138-10-4 
035 |l 10062528 
040 |a GR-MY-UA  |b gre  |e aacr 
041 0 |a gre 
082 0 |a 398.2 
100 1 |a Αγγελοπούλου, Αννα. 
245 1 0 |a Επεξεργασία παραμυθιακών τύπων και παραλλαγών ΑΤ 700-749 /  |c Άννα Αγγελοπούλου - Αίγλη Μπρούσκου 
260 |a Αθήνα :   |b Γενική Γραμματεία Νέας Γενιάς,   |b Κέντρο Νεοελληνικών Ερευνών Ε. Ι. Ε.,   |c 1994 
300 |a 270 σ.;  |c 24 εκ. 
490 1 |a Κατάλογος ελληνικών παραμυθιών. Ιστορικό αρχείο Ελληνικής νεολαίας  |v ; 2; 34 
650 0 0 |a Fairy tales  |x Theory, methods, etc. 
700 1 |a Μπρούσκου, Αίγλη. 
830 0 |a Κατάλογος ελληνικών παραμυθιών ;  |v ; 2 
852 |a INST  |b RHODES  |e 20000626  |h 398.2 ΑΓΓ  |p 005400014990  |q 005400014990  |t BK  |y 0 
901 |a BIBL4-2000-2 
909 |a Ρ  |b 065461 
922 |a 4ΕΛΗ  |b 199904  |c ΑΝΑΓΝΩΣΤΟΠΟΥΛΟΥ  |d EMVASIS 
970 |z 2000/06/ΔΕΜΕΝΑΓΑΣ (ELIDOC)